LEADER 01047nam 2200373 4500 001 990000760280203316 010 $a88-244-0607-6 035 $a0076028 035 $aUSA010076028 035 $a(ALEPH)000076028USA01 035 $a0076028 100 $a20011121d1995----km-y0ITAy01------ba 101 $aita 102 $aIT 200 1 $a<> ordinamento giudiziario$fR. Marino, A. Landolfi 205 $a6. ed. 210 $aNapoli$cSimone$d1995 215 $a333 p.$d21cm 225 2 $aManuali giuridici$v60 410 $12001$aManuali giuridici$v60 606 0 $aItalia$xOrdinamento giudiziario 676 $a347.45 700 1$aMARINO,$bRaffaele$0241554 701 1$aLANDOLFI,$bA.$0550056 801 0$aIT$bsalbc$gISBD 912 $a990000760280203316 951 $aCOLL. PDO 60$b8447 G$cCOLL. PDO 959 $aBK 969 $aGIU 979 $aPATTY$b90$c20011121$lUSA01$h1625 979 $c20020403$lUSA01$h1723 979 $aPATRY$b90$c20040406$lUSA01$h1652 996 $aOrdinamento giudiziario$9964854 997 $aUNISA LEADER 01397nam 2200409 a 450 001 9910702940503321 005 20230902161857.0 035 $a(CKB)3780000000507397 035 $a(OCoLC)694520445 035 $a(EXLCZ)993780000000507397 100 $a20101229d2009 ua 0 101 0 $aeng 135 $aurcn||||||||| 181 $ctxt$2rdacontent 182 $cc$2rdamedia 183 $acr$2rdacarrier 200 14$aThe Federal Trade Commission at 100$b[electronic resource] $einto our 2nd century : the continuing pursuit of better practices : a report /$fby Federal Trade Commission Chairman William E. Kovacic 210 1$a[Washington, D.C.] :$cFederal Trade Commission,$d[2009] 215 $a1 online resource (xxii, 201 pages) 300 $aTitle from title screen (viewed on Dec. 29, 2010). 300 $a"January 2009." 320 $aIncludes bibliographical references. 517 $aFederal Trade Commission at 100 606 $aConsumer protection 606 $aCompetition 606 $aAntitrust law 615 0$aConsumer protection. 615 0$aCompetition. 615 0$aAntitrust law. 700 $aKovacic$b William E$0301224 712 02$aUnited States.$bFederal Trade Commission. 801 0$bGPO 801 1$bGPO 906 $aBOOK 912 $a9910702940503321 996 $aThe Federal Trade Commission at 100$93517713 997 $aUNINA